ბათუმის შოთა რუსთაველის სახელმწიფო უნივერსიტეტის ბიბლიოთეკა

საქართველოს ენერგეტიკული პოტენციალის გამოყენების ეკონომიკურ– ეკოლოგიური პრობლემები / (ბიბ.ჩანაწერი № 36936)

000 -ლიდერი
ფიქსირებული სიგრძის საკონტროლო ველი 01155nam a2200229Ia 4500
001 - საკონტროლო ნომერი
საკონტროლო ველი 2887
003 - საკონტროლო ნომრის იდენტიფიკატორი
საკონტროლო ველი GE_BSU
005 - ბოლო ოპერაციის თარიღი და დრო
საკონტროლო ველი 20190506150927.0
008 - ფიქსირებული სიგრძის მონაცემთა ელემენტები - ზოგადი ინფორმაცია
ფიქსირებული სიგრძის საკონტროლო ველი 181216s2002|||| |||||||||||||| ||geo||
020 ## - წიგნის საერთაშორისო სტანდარტული ნომერი
International Standard Book Number 9992882840
040 ## - კატალოგიზაციის წყარო
Transcribing agency GE_BSU
041 ## - ენის კოდი
Language code of text/sound track or separate title geo
080 ## - უნივერსალური ათობითი კლასიფიკაციის ინდექსი
Universal Decimal Classification number 620.9(479.22+330+574) ჩ–79
100 ## - მთავარი ჩანაწერი - პიროვნების სახელი
Personal name ჩომახიძე, დემურ
9 (RLIN) 801
245 ## - ცნობა სათაურის შესახებ
Title საქართველოს ენერგეტიკული პოტენციალის გამოყენების ეკონომიკურ– ეკოლოგიური პრობლემები /
Statement of responsibility, etc დემურ ჩომახიძე ; სამ. რედ : ნოდარ ჭითანავა
264 ## - წარმოების, გამოცემის, დისტრიბუციის და სხვა ცნობები
გამოცემის, წარმოების, დისტრიბუციის... ადგილი თბილისი . :
გამოცემის, წარმოების, დისტრიბუციის... სახელწოდება თერგი,
გამოცემის, წარმოების, დისტრიბუციის... თარიღი 2002.
300 ## - ფიზიკური აღწერა
Extent 276 გვ ;
Dimensions 20 სმ.
520 ## - SUMMARY, ETC.
Summary, etc რუს. და ინგ. ენაზე
653 ## - INDEX TERM--UNCONTROLLED
Uncontrolled term საქართველოს ენერგეტიკული რესურსები.
700 ## - ADDED ENTRY--PERSONAL NAME
Personal name ჭითანავა, ნოდარ
Relator term სამეცნიერო რედაქტორი
9 (RLIN) 802
942 ## - ADDED ENTRY ELEMENTS (KOHA)
Koha item type წიგნი
Source of classification or shelving scheme
ეგზემპლარები
ჩამოწერის სტატუსი დაკარგული ეგზემპლარის სტატუსი კლასიფიკაციის წყარო ან თაროზე გაწყობის სქემა დაზიანების სტატუსი არ გაიცემა მუდმივი მდებარეობა (დაცვის ადგილი) ამჟამინდელი ადგილსამყოფელი თაროზე განთავსების ადგილი შეძენის თარიღი ღირებულება, შესყიდვის ნორმალური ფასი სრული შენახვის შიფრი შტრიხკოდი ბოლო ოპერაციის თარიღი ეგზემპლარის მიმდევრობითი ნომერი (კეტერი?) ფასის ძალაში შესვლის თარიღი ეგზემპლარის სახეობა საჯარო შენიშვნა
          ბათუმის შოთა რუსთაველის სახელმწიფო უნივერსიტეტის მთავარი ბიბლიოთეკა ბათუმის შოთა რუსთაველის სახელმწიფო უნივერსიტეტის მთავარი ბიბლიოთეკა წიგნსაცავი 2018-12-17 26.00 620.9(479.22+330+574) ჩ–79 7724 2018-12-17 7724 2018-12-17 წიგნი 26 ლ.